000 00595nam a22001817a 4500
003 0
005 20250107094356.0
008 250107b xxu||||| |||| 00| 0 eng d
020 _a9781984689771
050 _aTX 911.3
_b.Ad34 2024
100 _aAdebajo, Mosimininuoluwa T.
_eauthor.
245 _aHospitality financial management /
_cMosimininuoluwa T. Adebajo.
260 _aNew York, NY :
_b3G E-Learning LLC,
_c2024.
300 _aix, 339 p. :
_bcol. ill. ;
_c26 cm.
504 _aIncludes bibliographical references and index.
650 _aHospitality industry
_vFinance.
942 _2lcc
_cBK
999 _c366890
_d366890